000 00186nam a2200085Ia 4500
008 170620s9999 xx 000 0 und d
100 _aKusum
245 0 _aFamily Law Lectures
260 _bLexis Nexis
260 _c2003
999 _c29128
_d29128